| 000 | 00622nam a2200205Ii 4500 | ||
|---|---|---|---|
| 003 | JO-AjNU | ||
| 008 | 230605s9999||||xx |||||||||||||| ||und|| | ||
| 040 |
_aJO-AjNU _bara _erda _cJO-AjNU |
||
| 041 | _aara | ||
| 050 | 1 | 4 | _aBF431.I27.1979 |
| 100 | 3 |
_aمحمود،ابراهيم وجيه, _eauthor _99116 |
|
| 245 | 0 | 0 | _aالقدرات العقلية :خصائصها وقياسها |
| 250 | _aط2 | ||
| 264 | 3 | 1 | _aد.م:دار المعارف،1979 |
| 300 | _a270ص | ||
| 336 |
_atext _btxt _2rdacontent |
||
| 337 |
_aunmediated _bn _2rdamedia |
||
| 338 |
_avolume _bnc _2rdacarrier |
||
| 650 | 4 |
_aقدرات-ذكاء _99117 |
|
| 999 |
_aA1134 _c4702 _d4702 |
||